ბათუმის შოთა რუსთაველის სახელმწიფო უნივერსიტეტის ბიბლიოთეკა

საქართველოს სამოციქულო მართლმადიდებული ეკლესიის ისტორია (1800-1945) ნაწ.1. (ბიბ.ჩანაწერი № 34897)

000 -LEADER
fixed length control field 00975nam a2200205Ia 4500
001 - CONTROL NUMBER
control field 720
003 - CONTROL NUMBER IDENTIFIER
control field GE_BSU
008 - FIXED-LENGTH DATA ELEMENTS--GENERAL INFORMATION
fixed length control field 181216s||||||||xx |||||||||||||| ||und||
040 ## - CATALOGING SOURCE
Transcribing agency GE_BSU
080 ## - UNIVERSAL DECIMAL CLASSIFICATION NUMBER
Universal Decimal Classification number 271.222(479.22)(09)
100 ## - MAIN ENTRY--PERSONAL NAME
Personal name პავლიაშვილი,ქეთევან
245 ## - TITLE STATEMENT
Title საქართველოს სამოციქულო მართლმადიდებული ეკლესიის ისტორია (1800-1945) ნაწ.1.
245 ## - TITLE STATEMENT
Statement of responsibility, etc. რედ.მანგლისის წალკის ეპარქიის მიტროპოლიტ ანანია ჯაფარიძე
260 ## - PUBLICATION, DISTRIBUTION, ETC.
Place of publication, distribution, etc. თბილისი
260 ## - PUBLICATION, DISTRIBUTION, ETC.
Date of publication, distribution, etc. 2008
300 ## - PHYSICAL DESCRIPTION
Extent 552 გვ.
653 ## - INDEX TERM--UNCONTROLLED
Uncontrolled term საქართველოს სამოციქულო მართლმადიდებული ეკლესიის ისტორია (1800-1945) ნაწ.1.
942 ## - ADDED ENTRY ELEMENTS (KOHA)
Koha item type წიგნი
ეგზემპლარები
Withdrawn status Lost status Damaged status Not for loan Date acquired Barcode Date last seen Price effective from Koha item type Public note
        2018-12-17 1237 2018-12-17 2018-12-17 წიგნი დარბაზი